| 000 | 00677nam a2200217 a 4500 | ||
|---|---|---|---|
| 999 |
_c9374 _d9374 |
||
| 001 | 9374 | ||
| 003 | BD-JhCC | ||
| 005 | 20180527095908.0 | ||
| 008 | 180313s1964 bg |||| ||a| 000 0 b d | ||
| 035 | _a(BD-JhCC)9374 | ||
| 040 |
_aBD-JhCC _dBD-JhCC |
||
| 041 | _aben | ||
| 082 |
_a940.2 _bALI 1964 |
||
| 100 | _aআলী, কে । | ||
| 245 |
_aআধুনিক ইউরোপের পরিচয় (১৪৫৩-১৯৪৭) / _cঅধ্যাপক কে,আল্এম,এ । |
||
| 260 |
_aঢাকা : _bআলী পাবলিকেশন্স ; _c1964. |
||
| 300 |
_a283 p. : _c17 cm. |
||
| 651 | _aEurope. | ||
| 942 |
_2ddc _cBK |
||